000 00852nam a2200205 a 4500
001 000975412
003 AM-YeHGA
005 20250617150132.0
008 130718s1977 ru |||||r|||||000|0|rus d
040 _aAM-YeHGA
041 0 _arus
100 1 _aТарасов, Евгений Васильевич
245 1 0 _aКосмонавтика :
_b(механика полета и баллистическое проектирование КЛА) : учебное пособие для студентов вузов /
_cЕ.В. Тарасов.
260 _aМосква :
_bМашиностроение,
_c1977.
300 _a216 с.
504 _aБиблиогр.: с. 212
650 1 4 _aКосмонавтика
653 1 _aкосмические летательные аппараты
_aмежпланетные полеты
090 _c326864
999 _c325119
_d325119